书目信息 |
| 题名: |
如何有效阅读
|
|
| 作者: | 夏丏尊 著 | |
| 分册: | ||
| 出版信息: | 北京 国际文化出版公司 2020.10 |
|
| 页数: | 315页 | |
| 开本: | 24cm | |
| 丛书名: | ||
| 单 册: | ||
| 中图分类: | G792-49 | |
| 科图分类: | ||
| 主题词: | 读书方法--du shu fang fa--青年读物 | |
| 电子资源: | ||
| ISBN: | 978-7-5125-1227-6 | |
| 000 | 01041nam0 2200229 450 | |
| 001 | 0109110045 | |
| 005 | 20201109110333.0 | |
| 010 | @a978-7-5125-1227-6@dCNY45.00 | |
| 100 | @a20200723d2020 em y0chiy0110 ea | |
| 101 | 0 | @achi |
| 102 | @aCN@b110000 | |
| 105 | @ay z 000yy | |
| 106 | @ar | |
| 200 | 1 | @a如何有效阅读@Aru he you xiao yue du@f夏丏尊等著 |
| 210 | @a北京@c国际文化出版公司@d2020.10 | |
| 215 | @a315页@d24cm | |
| 330 | @a喜欢阅读,却读不得其法;想提高文学素养,却不知从何处下手……本书将带你走进夏丏尊、朱自清、高尔基等中外文学、语言大师的阅读课,从诗歌、小说等方面剖析阅读的方法与技巧,对提高阅读水平和文学素养,具有重要的意义。本书所选篇目皆精细挑选,与阅读方法、技巧息息相关,具有很强的实用性和指示性,对提高读者的阅读水平有很大的帮助。增加了更多中外大师的阅读心得,内容更全面,更能满足读者的需求。对引导年轻人的阅读有参考价值。 | |
| 606 | 0 | @a读书方法@Adu shu fang fa@x青年读物 |
| 690 | @aG792-49@v5 | |
| 701 | 0 | @a夏丏尊@Axia mian zun deng@4著 |
| 801 | 0 | @aCN@bBJSZM@c20201103 |
| 905 | @b1265311-5@dG792-49@e2312@f5 | |
| 如何有效阅读/夏丏尊等著.-北京:国际文化出版公司,2020.10 |
| 315页;24cm |
| ISBN 978-7-5125-1227-6:CNY45.00 |
| 喜欢阅读,却读不得其法;想提高文学素养,却不知从何处下手……本书将带你走进夏丏尊、朱自清、高尔基等中外文学、语言大师的阅读课,从诗歌、小说等方面剖析阅读的方法与技巧,对提高阅读水平和文学素养,具有重要的意义。本书所选篇目皆精细挑选,与阅读方法、技巧息息相关,具有很强的实用性和指示性,对提高读者的阅读水平有很大的帮助。增加了更多中外大师的阅读心得,内容更全面,更能满足读者的需求。对引导年轻人的阅读有参考价值。 |
| ● |
| 相关链接 |
|
|
|
|
正题名:如何有效阅读
索取号:G792-49/2312
 
预约/预借
| 序号 | 登录号 | 条形码 | 馆藏地/架位号 | 状态 | 备注 |
| 1 | 1265311 | 212653118 | 第一样本阅览室/ [索取号:G792-49/2312] | 在馆 | |
| 2 | 1265312 | 212653127 | 教育系资料室/ [索取号:G792-49/2312] | 在馆 | |
| 3 | 1265313 | 212653136 | 教育系资料室/ [索取号:G792-49/2312] | 在馆 | |
| 4 | 1265314 | 212653145 | 第四借阅区/ [索取号:G792-49/2312] | 在馆 | |
| 5 | 1265315 | 212653154 | 第四借阅区/ [索取号:G792-49/2312] | 在馆 |